[Event "GBR-ch blitz"]
[Site "Birmingham"]
[Date "2019.11.16"]
[Round "8"]
[White "Haydon, David Leslie"]
[Black "Turner, Matthew"]
[Result "1-0"]
[WhiteElo "2366"]
[BlackElo "2534"]
[PlyCount "139"]
[EventDate "2019.11.16"]
[EventType "tourn (blitz)"]
[EventRounds "15"]
[EventCountry "ENG"]
[EventCategory "5"]
[SourceTitle "BritBase"]
[Source "John Saunders"]
[SourceDate "2024.03.28"]
[SourceVersion "1"]
[SourceVersionDate "2024.03.28"]
[SourceQuality "1"]

1. Nf3 Nf6 2. g3 e6 3. Bg2 d5 4. c4 Be7 5. cxd5 exd5 6. O-O O-O 7. d4 c6 8. Nc3
Bf5 9. Bf4 h6 10. Rc1 Nbd7 11. Ne5 Re8 12. Nxd7 Nxd7 13. Nxd5 cxd5 14. Bc7 Qc8
15. Bf4 Nc5 16. dxc5 Rd8 17. b4 a6 18. Qb3 Qe6 19. Rfe1 Rac8 20. a3 Bf6 21. Bd6
Be4 22. Bxe4 Qxe4 23. Rcd1 d4 24. Qd3 Re8 25. Qxe4 Rxe4 26. Rd3 Rce8 27. Kf1 h5
28. h4 g5 29. hxg5 Bxg5 30. f3 Re3 31. a4 Bf6 32. b5 axb5 33. axb5 Ra8 34. c6
bxc6 35. Rxe3 dxe3 36. bxc6 Rc8 37. c7 Bd8 38. cxd8=Q+ Rxd8 39. Bf4 Re8 40. Rd1
Kh7 41. Rd3 Kg6 42. Rxe3 Rc8 43. Kf2 Rc5 44. Rd3 Rb5 45. Rd6+ f6 46. Be3 Kf7
47. Bd4 f5 48. Rf6+ Ke7 49. Rh6 Rd5 50. Be3 Rb5 51. Rxh5 Ke6 52. Bf4 Rb1 53.
Rh6+ Kf7 54. Be5 Rb5 55. Rf6+ Ke7 56. Rxf5 Ke6 57. Rg5 Rb1 58. f4 Kd5 59. Rg6
Ke4 60. g4 Rh1 61. Rd6 Rh2+ 62. Kf1 Rf2+ 63. Kg1 Rxe2 64. g5 Kf3 65. Rd3+ Ke4
66. Rg3 Rc2 67. g6 Rc8 68. g7 Rg8 69. Rh3 Kf5 70. Rh8 1-0

[Event "GBR-ch blitz"]
[Site "Birmingham"]
[Date "2019.11.16"]
[Round "8"]
[White "Rendle, Thomas"]
[Black "Gormally, Daniel"]
[Result "1-0"]
[WhiteElo "2461"]
[BlackElo "2555"]
[PlyCount "83"]
[EventDate "2019.11.16"]
[EventType "tourn (blitz)"]
[EventRounds "15"]
[EventCountry "ENG"]
[EventCategory "5"]
[SourceTitle "BritBase"]
[Source "John Saunders"]
[SourceDate "2024.03.28"]
[SourceVersion "1"]
[SourceVersionDate "2024.03.28"]
[SourceQuality "1"]

1. e4 c5 2. Nc3 Nc6 3. Bb5 Nd4 4. Nf3 Nxb5 5. Nxb5 d6 6. d4 Nf6 7. O-O a6 8.
Nc3 cxd4 9. Qxd4 e5 10. Qa4+ Bd7 11. Qb3 Bc6 12. Bg5 Be7 13. Bxf6 Bxf6 14. Rad1
O-O 15. Nd5 b5 16. Qd3 Rc8 17. c3 a5 18. a3 g6 19. Nxf6+ Qxf6 20. Qxd6 Qxd6 21.
Rxd6 Bxe4 22. Nxe5 Kg7 23. Rfd1 Rfe8 24. f4 b4 25. axb4 axb4 26. c4 h5 27. Rd7
Rf8 28. R1d4 Bf5 29. Rb7 Rb8 30. Rxb8 Rxb8 31. c5 Rc8 32. Rc4 Be6 33. Rc1 b3
34. Kf2 Bd5 35. g3 Kf6 36. Ke3 Kf5 37. h3 Ke6 38. Kd4 Rd8 39. Kc3 f6 40. Nxg6
Rg8 41. f5+ Kf7 42. Re1 1-0

[Event "GBR-ch blitz"]
[Site "Birmingham"]
[Date "2019.11.16"]
[Round "8"]
[White "Tan, Justin Hy"]
[Black "Rush, Stephen"]
[Result "1-0"]
[WhiteElo "2469"]
[BlackElo "2006"]
[PlyCount "115"]
[EventDate "2019.11.16"]
[EventType "tourn (blitz)"]
[EventRounds "15"]
[EventCountry "ENG"]
[EventCategory "5"]
[SourceTitle "BritBase"]
[Source "John Saunders"]
[SourceDate "2024.03.28"]
[SourceVersion "1"]
[SourceVersionDate "2024.03.28"]
[SourceQuality "1"]

1. e4 e6 2. d4 d5 3. Nc3 Bb4 4. exd5 exd5 5. Bd3 Nf6 6. Nge2 O-O 7. O-O c6 8.
Bf4 Nbd7 9. a3 Be7 10. Ng3 Re8 11. Qd2 Nf8 12. Nf5 Bxf5 13. Bxf5 Ng6 14. Bg3
Bd6 15. Rae1 Qc7 16. Qg5 h6 17. Qd2 Nf4 18. Re3 N6h5 19. Rfe1 Rxe3 20. Qxe3
Nxg3 21. hxg3 Ng6 22. Bxg6 fxg6 23. Qe6+ Kh7 24. Re3 Rf8 25. Ne2 Rf6 26. Qe8
Rf8 27. Qe6 Rf6 28. Qg4 Qf7 29. f3 Rf5 30. Qh3 a5 31. g4 Rf6 32. g5 Rf5 33.
gxh6 gxh6 34. g4 Rg5 35. Kf2 Kg7 36. Ke1 h5 37. gxh5 Rxh5 38. Qe6 Qc7 39. Qg4
Rf5 40. Re6 Rf6 41. Rxf6 Kxf6 42. f4 Qe7 43. Kd2 Qe4 44. Qg3 b5 45. Qg4 b4 46.
axb4 axb4 47. Kd1 Qh1+ 48. Kd2 Qe4 49. b3 c5 50. dxc5 Bxc5 51. Qg3 Bb6 52. Kd1
Bc5 53. Qg5+ Kf7 54. Qh4 Be7 55. Qh7+ Kf6 56. Qh8+ Kf7 57. Qa8 d4 58. Qxe4 1-0

[Event "GBR-ch blitz"]
[Site "Birmingham"]
[Date "2019.11.16"]
[Round "8"]
[White "Willow, Jonah B"]
[Black "Arkell, Keith C"]
[Result "1-0"]
[WhiteElo "2187"]
[BlackElo "2464"]
[PlyCount "71"]
[EventDate "2019.11.16"]
[EventType "tourn (blitz)"]
[EventRounds "15"]
[EventCountry "ENG"]
[EventCategory "5"]
[SourceTitle "BritBase"]
[Source "John Saunders"]
[SourceDate "2024.03.28"]
[SourceVersion "1"]
[SourceVersionDate "2024.03.28"]
[SourceQuality "1"]

1. e4 e6 2. d4 d5 3. Nd2 dxe4 4. Nxe4 Bd7 5. Nf3 Bc6 6. Bd3 Nd7 7. O-O Ngf6 8.
Re1 Be7 9. c3 Bxe4 10. Bxe4 Nxe4 11. Rxe4 Nf6 12. Re2 O-O 13. Bf4 c5 14. Rd2
Qb6 15. Qe2 Rfd8 16. Rad1 cxd4 17. Nxd4 Nd5 18. Be5 Bf6 19. Bxf6 Nxf6 20. Nf3
Rxd2 21. Qxd2 h6 22. Ne5 Rc8 23. h3 Qc7 24. Qd6 Qxd6 25. Rxd6 Rc7 26. Rd8+ Kh7
27. Rf8 Rc5 28. f4 Rd5 29. Rxf7 Rb5 30. b3 Rb6 31. c4 a5 32. g4 Kg8 33. g5 hxg5
34. fxg5 Ne4 35. g6 Ng5 36. Rc7 1-0

[Event "GBR-ch blitz"]
[Site "Birmingham"]
[Date "2019.11.16"]
[Round "9"]
[White "Arkell, Keith C"]
[Black "Tan, Justin Hy"]
[Result "0-1"]
[WhiteElo "2464"]
[BlackElo "2469"]
[PlyCount "82"]
[EventDate "2019.11.16"]
[EventType "tourn (blitz)"]
[EventRounds "15"]
[EventCountry "ENG"]
[EventCategory "5"]
[SourceTitle "BritBase"]
[Source "John Saunders"]
[SourceDate "2024.03.28"]
[SourceVersion "1"]
[SourceVersionDate "2024.03.28"]
[SourceQuality "1"]

1. d4 Nf6 2. Nf3 c5 3. d5 b5 4. Bg5 g6 5. Bxf6 exf6 6. e4 b4 7. Nbd2 Bg7 8. a3
bxa3 9. Rxa3 O-O 10. Bd3 f5 11. e5 d6 12. exd6 Re8+ 13. Be2 Ba6 14. Rxa6 Nxa6
15. O-O Qxd6 16. Nc4 Qd7 17. Qd2 Nc7 18. Rd1 Nb5 19. c3 Nd6 20. h4 Rab8 21. Qc2
Nxc4 22. Bxc4 Qd6 23. Rd2 a5 24. Qa4 Re4 25. Qa2 Bh6 26. Rd1 Bg7 27. Bf1 a4 28.
Bd3 Rf4 29. Be2 Bf6 30. g3 Re4 31. Bd3 Re7 32. Rd2 a3 33. bxa3 Bxc3 34. Rc2 Bf6
35. Qc4 Ra7 36. a4 Be7 37. Ra2 Rb4 38. Qc2 c4 39. Bxc4 Rc7 40. Nd2 Rbxc4 41.
Nxc4 Qxd5 0-1

[Event "GBR-ch blitz"]
[Site "Birmingham"]
[Date "2019.11.16"]
[Round "9"]
[White "Ghasi, Ameet K"]
[Black "Willow, Jonah B"]
[Result "0-1"]
[WhiteElo "2582"]
[BlackElo "2187"]
[PlyCount "46"]
[EventDate "2019.11.16"]
[EventType "tourn (blitz)"]
[EventRounds "15"]
[EventCountry "ENG"]
[EventCategory "5"]
[SourceTitle "BritBase"]
[Source "John Saunders"]
[SourceDate "2024.03.28"]
[SourceVersion "1"]
[SourceVersionDate "2024.03.28"]
[SourceQuality "1"]

1. Nf3 c5 2. g3 Nc6 3. Bg2 g6 4. O-O Bg7 5. c4 e6 6. Nc3 Nge7 7. b3 O-O 8. Bb2
d5 9. Rc1 b6 10. a3 Bb7 11. e3 d4 12. exd4 Nxd4 13. Nxd4 Bxg2 14. Nxe6 fxe6 15.
Kxg2 Nc6 16. Qe2 Nd4 17. Qe4 Nxb3 18. Qxe6+ Kh8 19. Rcd1 Qd3 20. Rfe1 Qf3+ 21.
Kh3 Rf5 22. Qe8+ Rxe8 23. Rxe8+ Rf8 0-1

[Event "GBR-ch blitz"]
[Site "Birmingham"]
[Date "2019.11.16"]
[Round "9"]
[White "Gormally, Daniel"]
[Black "Haydon, David Leslie"]
[Result "0-1"]
[WhiteElo "2555"]
[BlackElo "2366"]
[PlyCount "134"]
[EventDate "2019.11.16"]
[EventType "tourn (blitz)"]
[EventRounds "15"]
[EventCountry "ENG"]
[EventCategory "5"]
[SourceTitle "BritBase"]
[Source "John Saunders"]
[SourceDate "2024.03.28"]
[SourceVersion "1"]
[SourceVersionDate "2024.03.28"]
[SourceQuality "1"]

1. d4 d5 2. c4 e6 3. Nf3 Nf6 4. g3 Be7 5. Bg2 dxc4 6. O-O O-O 7. Nc3 a6 8. Ne5
Nbd7 9. Nxc4 Nb6 10. b3 Nbd5 11. Bb2 Rb8 12. Rc1 Bd7 13. e4 Nxc3 14. Bxc3 Bc6
15. Re1 b5 16. Ne5 Ba8 17. Ba5 Bd6 18. Nc6 Bxc6 19. Rxc6 Qd7 20. e5 Nd5 21.
Bxd5 exd5 22. Qc2 Be7 23. Rxc7 Qe6 24. Qc6 Rfe8 25. Qxe6 fxe6 26. Rc6 Kf7 27.
Re3 Bg5 28. Rf3+ Kg6 29. h4 Bd8 30. Bxd8 Rbxd8 31. Rxa6 Ra8 32. Rb6 Rxa2 33.
Rxb5 Rd2 34. Rf4 h5 35. Rb6 Re7 36. Kg2 Rd3 37. b4 Rd2 38. b5 Rb2 39. Rb8 Rb4
40. b6 Rd7 41. g4 hxg4 42. Rxg4+ Kh7 43. h5 Rf7 44. h6 gxh6 45. Rgg8 Rb2 46.
Rh8+ Kg6 47. Rbg8+ Kh5 48. Rg3 Rbxf2+ 49. Kh3 Rb2 50. Rhg8 Rff2 51. Rg2 Rxg2
52. Rxg2 Rxb6 53. Rd2 Rb3+ 54. Kg2 Kg5 55. Kh2 Rf3 56. Rg2+ Kf5 57. Re2 Rf4 58.
Rd2 Ke4 59. Kg3 Ke3 60. Rh2 Rf3+ 61. Kg4 Rf4+ 62. Kg3 Rxd4 63. Rxh6 Re4 64.
Rxe6 d4 65. Re8 d3 66. e6 d2 67. Rd8 Rxe6 0-1

[Event "GBR-ch blitz"]
[Site "Birmingham"]
[Date "2019.11.16"]
[Round "9"]
[White "Greet, Andrew N"]
[Black "Adair, James R"]
[Result "0-1"]
[WhiteElo "2425"]
[BlackElo "2484"]
[PlyCount "102"]
[EventDate "2019.11.16"]
[EventType "tourn (blitz)"]
[EventRounds "15"]
[EventCountry "ENG"]
[EventCategory "5"]
[SourceTitle "BritBase"]
[Source "John Saunders"]
[SourceDate "2024.03.28"]
[SourceVersion "1"]
[SourceVersionDate "2024.03.28"]
[SourceQuality "1"]

1. e4 e5 2. f4 exf4 3. Nf3 d5 4. exd5 Nf6 5. Bb5+ c6 6. dxc6 Nxc6 7. d4 Bd6 8.
O-O O-O 9. c3 h6 10. Bd3 Re8 11. Nbd2 Bg4 12. Nc4 Bc7 13. a4 Nd5 14. Bd2 Qf6
15. Qc2 Re7 16. Be4 Rd8 17. Rae1 a5 18. Bh7+ Kh8 19. Rxe7 Ndxe7 20. Be4 Bf5 21.
Nfe5 Nxe5 22. Nxe5 Bxe5 23. dxe5 Qb6+ 24. Kh1 Bxe4 25. Qxe4 Rxd2 26. Qxf4 Rxb2
27. Qxf7 Ng8 28. e6 Re2 29. h3 Rxe6 30. Rd1 Rf6 31. Qe8 Qc6 32. Qe3 Kh7 33.
Qd3+ Kh8 34. Re1 Qd6 35. Qe3 Qf8 36. Kh2 Qb8+ 37. Kh1 Qf4 38. Qd3 Rf8 39. Qb5
Qf5 40. Qxb7 Nf6 41. Qc7 Nh5 42. c4 Qf2 43. Rb1 Ng3+ 44. Kh2 Ne2 45. Rb8 Rxb8
46. Qxb8+ Kh7 47. Qb1+ Kg8 48. Qb8+ Qf8 49. Qb5 Qf4+ 50. Kh1 Qf1+ 51. Kh2 Qg1#
0-1

[Event "GBR-ch blitz"]
[Site "Birmingham"]
[Date "2019.11.16"]
[Round "9"]
[White "Pein, Jonathan"]
[Black "Camacho Collados, Jose"]
[Result "1-0"]
[WhiteElo "2208"]
[BlackElo "2390"]
[PlyCount "99"]
[EventDate "2019.11.16"]
[EventType "tourn (blitz)"]
[EventRounds "15"]
[EventCountry "ENG"]
[EventCategory "5"]
[SourceTitle "BritBase"]
[Source "John Saunders"]
[SourceDate "2024.03.28"]
[SourceVersion "1"]
[SourceVersionDate "2024.03.28"]
[SourceQuality "1"]

1. g3 Nf6 2. Bg2 g6 3. e4 d6 4. Ne2 c5 5. c3 Bg7 6. d4 O-O 7. O-O Nc6 8. h3 Rb8
9. Be3 Nd7 10. Qd2 Re8 11. Rd1 Qc7 12. Na3 b5 13. Nc2 a5 14. Nf4 e6 15. h4 b4
16. h5 bxc3 17. bxc3 cxd4 18. cxd4 Ba6 19. hxg6 hxg6 20. Rac1 Rb2 21. Qc3 Qb6
22. e5 Rc8 23. d5 Bxe5 24. Qa3 Qb8 25. dxc6 Nb6 26. Nd3 Nc4 27. Qa4 Bb5 28.
Nxb2 Bxa4 29. Nxc4 Bxc6 30. Nb6 Rc7 31. Bxc6 Rxc6 32. Nd7 Qb2 33. Nxe5 dxe5 34.
Ne1 Rxc1 35. Rxc1 Qxa2 36. Nf3 Qd5 37. Ng5 a4 38. f3 a3 39. Ne4 a2 40. Nf6+ Kg7
41. Nxd5 exd5 42. Ra1 d4 43. Bd2 e4 44. fxe4 f5 45. exf5 gxf5 46. Rxa2 Kf6 47.
Bf4 Ke6 48. Ra5 d3 49. Kf2 Kf6 50. Ke3 1-0

[Event "GBR-ch blitz"]
[Site "Birmingham"]
[Date "2019.11.16"]
[Round "9"]
[White "Rush, Stephen"]
[Black "Rendle, Thomas"]
[Result "0-1"]
[WhiteElo "2006"]
[BlackElo "2461"]
[PlyCount "43"]
[EventDate "2019.11.16"]
[EventType "tourn (blitz)"]
[EventRounds "15"]
[EventCountry "ENG"]
[EventCategory "5"]
[SourceTitle "BritBase"]
[Source "John Saunders"]
[SourceDate "2024.03.28"]
[SourceVersion "1"]
[SourceVersionDate "2024.03.28"]
[SourceQuality "1"]

1. d4 f5 2. g3 Nf6 3. Bg2 g6 4. Nf3 Bg7 5. b4 O-O 6. Bb2 Nc6 7. b5 Na5 8. Nbd2
d5 9. O-O Kh8 10. e3 c6 11. a4 Ne4 12. Rc1 Nd6 13. Ne5 Be6 14. Ba3 cxb5 15.
axb5 Nxb5 16. Bb4 Rc8 17. c4 dxc4 18. Bxa5 Qxa5 19. Ndxc4 Bxc4 20. Nxc4 Qb4 21.
Bd5 Nc3 22. Qd2 0-1

[Event "GBR-ch blitz"]
[Site "Birmingham"]
[Date "2019.11.16"]
[Round "9"]
[White "Sherwin, James T"]
[Black "D'Costa, Lorin AR"]
[Result "0-1"]
[WhiteElo "2227"]
[BlackElo "2370"]
[PlyCount "92"]
[EventDate "2019.11.16"]
[EventType "tourn (blitz)"]
[EventRounds "15"]
[EventCountry "ENG"]
[EventCategory "5"]
[SourceTitle "BritBase"]
[Source "John Saunders"]
[SourceDate "2024.03.28"]
[SourceVersion "1"]
[SourceVersionDate "2024.03.28"]
[SourceQuality "1"]

1. d4 Nf6 2. Nf3 g6 3. Bg5 Bg7 4. Nbd2 O-O 5. c3 d6 6. h3 Nbd7 7. e3 b6 8. Bd3
Bb7 9. Qe2 a6 10. O-O e5 11. dxe5 dxe5 12. Ne4 h6 13. Nxf6+ Nxf6 14. Bxf6 Qxf6
15. e4 Rfd8 16. Rad1 Bf8 17. Bc4 b5 18. Bb3 Bc5 19. g3 Kg7 20. Rfe1 Bb6 21. h4
Rxd1 22. Rxd1 Bc8 23. Nh2 h5 24. Rd3 Qe7 25. Qd1 Bh3 26. Rf3 Rf8 27. Qd5 f5 28.
Nf1 Bg4 29. Rd3 fxe4 30. Rd2 e3 31. Nxe3 Bxe3 32. fxe3 Kh6 33. Qe4 Qf6 34. Kh2
Bf5 35. Qf3 g5 36. e4 Bg6 37. Qxf6 Rxf6 38. hxg5+ Kxg5 39. Rd7 Rf2+ 40. Kh3
Rxb2 41. Rxc7 a5 42. Bd5 a4 43. Rg7 Kf6 44. Rb7 Be8 45. Rb8 Bd7+ 46. Kh4 Rh2#
0-1

[Event "GBR-ch blitz"]
[Site "Birmingham"]
[Date "2019.11.16"]
[Round "9"]
[White "Turner, Matthew"]
[Black "Beardsworth, Allan William"]
[Result "1/2-1/2"]
[WhiteElo "2534"]
[BlackElo "2144"]
[PlyCount "104"]
[EventDate "2019.11.16"]
[EventType "tourn (blitz)"]
[EventRounds "15"]
[EventCountry "ENG"]
[EventCategory "5"]
[SourceTitle "BritBase"]
[Source "John Saunders"]
[SourceDate "2024.03.28"]
[SourceVersion "1"]
[SourceVersionDate "2024.03.28"]
[SourceQuality "1"]

1. d4 d6 2. Nf3 Nf6 3. g3 Nbd7 4. d5 g6 5. Bg2 Bg7 6. O-O O-O 7. c4 Nc5 8. Nc3
e5 9. Be3 Re8 10. Bxc5 dxc5 11. Ng5 Rb8 12. Nge4 Nxe4 13. Nxe4 b6 14. d6 c6 15.
Qd2 h6 16. Nc3 Bd7 17. Rad1 f5 18. e4 Qf6 19. f4 exf4 20. Qxf4 Re5 21. exf5
Rxf5 22. Qe4 Re8 23. Rxf5 gxf5 24. Qf4 Qe5 25. Qxe5 Bxe5 26. Kf1 Re6 27. Bh3
Rxd6 28. Rxd6 Bxd6 29. Nd1 Kg7 30. Ne3 Kf6 31. Ke2 Be5 32. b3 Be6 33. Kf3 Bd4
34. Ng2 b5 35. Nf4 Bf7 36. Bf1 b4 37. Bd3 a5 38. Ng2 Kg5 39. h4+ Kf6 40. Ne3
Bh5+ 41. Kf2 Bg4 42. Bf1 Ke5 43. Be2 Bxe3+ 44. Kxe3 Bxe2 45. Kxe2 Ke4 46. Kf2
f4 47. g4 f3 48. g5 hxg5 49. hxg5 Kf5 50. Kxf3 Kxg5 51. Kg3 Kf5 52. Kf3 Ke5
1/2-1/2

[Event "GBR-ch blitz"]
[Site "Birmingham"]
[Date "2019.11.16"]
[Round "10"]
[White "Adair, James R"]
[Black "Pein, Jonathan"]
[Result "0-1"]
[WhiteElo "2484"]
[BlackElo "2208"]
[PlyCount "103"]
[EventDate "2019.11.16"]
[EventType "tourn (blitz)"]
[EventRounds "15"]
[EventCountry "ENG"]
[EventCategory "5"]
[SourceTitle "BritBase"]
[Source "John Saunders"]
[SourceDate "2024.03.28"]
[SourceVersion "1"]
[SourceVersionDate "2024.03.28"]
[SourceQuality "1"]

1. c4 g6 2. d4 Bg7 3. g3 Nf6 4. Bg2 O-O 5. Nc3 c6 6. e4 d6 7. Nf3 Qa5 8. O-O
Bg4 9. h3 Bxf3 10. Qxf3 Nfd7 11. Qd3 c5 12. dxc5 Nxc5 13. Qc2 Nc6 14. Bd2 Nd4
15. Qb1 Qd8 16. Rd1 Rc8 17. Be3 Nce6 18. b3 Nf3+ 19. Bxf3 Bxc3 20. h4 Qa5 21.
Rd5 Qc7 22. h5 b6 23. Bg4 Qd8 24. Qc1 Bxa1 25. Qxa1 Nc5 26. Bh6 e5 27. Bxc8
Qxc8 28. Bxf8 Qxf8 29. hxg6 hxg6 30. Qe1 Ne6 31. Qd2 Nd4 32. Kg2 Qe7 33. Qd3
Qf6 34. Qe3 Kg7 35. a4 Nc6 36. Qd2 Nd4 37. Qd3 g5 38. a5 g4 39. axb6 Nf3 40.
Qe3 axb6 41. Rd1 Qg6 42. Rh1 Ng5 43. Rh4 Nxe4 44. f3 gxf3+ 45. Qxf3 Ng5 46. Qg4
Qc2+ 47. Qe2 f6 48. Rh1 d5 49. Rc1 Qf5 50. Qf3 Qc2+ 51. Qf2 Qb2 52. Qd2 0-1

[Event "GBR-ch blitz"]
[Site "Birmingham"]
[Date "2019.11.16"]
[Round "10"]
[White "Beardsworth, Allan William"]
[Black "Gormally, Daniel"]
[Result "0-1"]
[WhiteElo "2144"]
[BlackElo "2555"]
[PlyCount "66"]
[EventDate "2019.11.16"]
[EventType "tourn (blitz)"]
[EventRounds "15"]
[EventCountry "ENG"]
[EventCategory "5"]
[SourceTitle "BritBase"]
[Source "John Saunders"]
[SourceDate "2024.03.28"]
[SourceVersion "1"]
[SourceVersionDate "2024.03.28"]
[SourceQuality "1"]

1. e4 c5 2. Nf3 d6 3. Be2 Nf6 4. c3 Bd7 5. d3 c4 6. O-O Nc6 7. h3 cxd3 8. Bxd3
g6 9. Be3 Bg7 10. Nbd2 O-O 11. Re1 Qc7 12. Rc1 d5 13. Bg5 dxe4 14. Nxe4 Nd5 15.
a3 h6 16. Bd2 Nf4 17. Bf1 Rad8 18. Ng3 Be6 19. Qc2 Bd5 20. Nh2 e6 21. Be3 Na5
22. c4 Nxc4 23. Bxc4 Bxg2 24. Bxf4 Qxf4 25. Kxg2 Rd2 26. Qxd2 Qxd2 27. b4 Rc8
28. Rcd1 Qc3 29. Be2 Qxa3 30. b5 Rc2 31. Rf1 Be5 32. Nf3 Bxg3 33. Kxg3 Rxe2 0-1

[Event "GBR-ch blitz"]
[Site "Birmingham"]
[Date "2019.11.16"]
[Round "10"]
[White "Camacho Collados, Jose"]
[Black "Turner, Matthew"]
[Result "0-1"]
[WhiteElo "2390"]
[BlackElo "2534"]
[PlyCount "92"]
[EventDate "2019.11.16"]
[EventType "tourn (blitz)"]
[EventRounds "15"]
[EventCountry "ENG"]
[EventCategory "5"]
[SourceTitle "BritBase"]
[Source "John Saunders"]
[SourceDate "2024.03.28"]
[SourceVersion "1"]
[SourceVersionDate "2024.03.28"]
[SourceQuality "1"]

1. Nf3 Nf6 2. g3 e6 3. Bg2 Be7 4. O-O d5 5. c4 O-O 6. b3 c5 7. cxd5 exd5 8. d4
Nc6 9. Bb2 Be6 10. Nc3 Rc8 11. Rc1 a6 12. e3 h6 13. dxc5 Bxc5 14. Nxd5 Nxd5 15.
Rxc5 Ndb4 16. Nd4 Nxd4 17. Qxd4 Qxd4 18. Bxd4 Nxa2 19. Rxc8 Rxc8 20. Bxb7 Rc2
21. Bxa6 Bxb3 22. Rb1 Bc4 23. Rb8+ Kh7 24. Bxc4 Rxc4 25. Rb7 Kg6 26. h4 h5 27.
Kg2 Nb4 28. Rb6+ f6 29. Rb7 Nc6 30. Bb2 Nd8 31. Re7 Rc2 32. Bd4 Nc6 33. Rd7 Rd2
34. Rd6 Nb4 35. Bc5 Nd3 36. Kg1 Kf5 37. Rd4 Rd1+ 38. Kg2 Ne1+ 39. Kf1 Rc1 40.
Bb4 Nf3+ 41. Ke2 Nxd4+ 42. exd4 Ke4 43. Bf8 g6 44. Bc5 Rc2+ 45. Ke1 Kd3 46. Be7
Rc1# 0-1

[Event "GBR-ch blitz"]
[Site "Birmingham"]
[Date "2019.11.16"]
[Round "10"]
[White "D'Costa, Lorin AR"]
[Black "Greet, Andrew N"]
[Result "0-1"]
[WhiteElo "2370"]
[BlackElo "2425"]
[PlyCount "88"]
[EventDate "2019.11.16"]
[EventType "tourn (blitz)"]
[EventRounds "15"]
[EventCountry "ENG"]
[EventCategory "5"]
[SourceTitle "BritBase"]
[Source "John Saunders"]
[SourceDate "2024.03.28"]
[SourceVersion "1"]
[SourceVersionDate "2024.03.28"]
[SourceQuality "1"]

1. d4 Nf6 2. Bf4 d5 3. e3 c5 4. dxc5 Nc6 5. Bb5 e6 6. b4 a5 7. c3 Be7 8. Qb3
O-O 9. Nf3 Nh5 10. a4 Nxf4 11. exf4 Qc7 12. g3 Bf6 13. Ra2 d4 14. Bxc6 Qxc6 15.
cxd4 axb4 16. O-O b6 17. cxb6 Bb7 18. Nbd2 Qxb6 19. Rb1 Bd5 20. Nc4 Qc6 21.
Nfd2 Rfc8 22. Rc2 Bxd4 23. Qd3 Bc3 24. Ne3 Rd8 25. Rxb4 Bxb4 26. Rxc6 Bxc6 27.
Qc4 Bxd2 28. Qxc6 Rdc8 29. Qe4 Bxe3 30. Qxe3 Rxa4 31. h4 h5 32. Kg2 g6 33. Qe5
Ra2 34. Qe3 Rcc2 35. Kf3 Rxf2+ 36. Qxf2 Rxf2+ 37. Kxf2 Kg7 38. Ke3 Kf6 39. Ke4
Ke7 40. Ke5 f6+ 41. Ke4 Kd6 42. Kd4 e5+ 43. fxe5+ fxe5+ 44. Ke4 Ke6 0-1

[Event "GBR-ch blitz"]
[Site "Birmingham"]
[Date "2019.11.16"]
[Round "10"]
[White "Ghasi, Ameet K"]
[Black "Sherwin, James T"]
[Result "1-0"]
[WhiteElo "2582"]
[BlackElo "2227"]
[PlyCount "85"]
[EventDate "2019.11.16"]
[EventType "tourn (blitz)"]
[EventRounds "15"]
[EventCountry "ENG"]
[EventCategory "5"]
[SourceTitle "BritBase"]
[Source "John Saunders"]
[SourceDate "2024.03.28"]
[SourceVersion "1"]
[SourceVersionDate "2024.03.28"]
[SourceQuality "1"]

1. Nf3 Nf6 2. g3 d5 3. Bg2 c6 4. O-O Bg4 5. b3 Nbd7 6. Bb2 e6 7. d3 Bd6 8. Nbd2
Qe7 9. a3 Rd8 10. h3 Bh5 11. Qe1 O-O 12. e4 dxe4 13. dxe4 e5 14. Nc4 Bc7 15. a4
Bxf3 16. Bxf3 Rfe8 17. Bg2 Bb6 18. Nxb6 axb6 19. Qe3 Qc5 20. Qe2 Nf8 21. Rfd1
Ne6 22. c3 h6 23. Kf1 Nc7 24. Rxd8 Rxd8 25. Rd1 Qe7 26. Bc1 b5 27. a5 Ne6 28.
Be3 Rxd1+ 29. Qxd1 Qa3 30. f4 Qxa5 31. Qd2 exf4 32. gxf4 Qd8 33. Qe2 Qd7 34. f5
Ng5 35. Bd4 Qe7 36. e5 Nd5 37. Bxd5 cxd5 38. Qxb5 Nf3 39. Qxd5 Nd2+ 40. Ke2 Qg5
41. e6 fxe6 42. Qxe6+ Kh8 43. Qe8+ 1-0

[Event "GBR-ch blitz"]
[Site "Birmingham"]
[Date "2019.11.16"]
[Round "10"]
[White "Haydon, David Leslie"]
[Black "Rush, Stephen"]
[Result "1-0"]
[WhiteElo "2366"]
[BlackElo "2006"]
[PlyCount "65"]
[EventDate "2019.11.16"]
[EventType "tourn (blitz)"]
[EventRounds "15"]
[EventCountry "ENG"]
[EventCategory "5"]
[SourceTitle "BritBase"]
[Source "John Saunders"]
[SourceDate "2024.03.28"]
[SourceVersion "1"]
[SourceVersionDate "2024.03.28"]
[SourceQuality "1"]

1. Nf3 d5 2. g3 Nc6 3. d4 Bf5 4. Bg2 Nb4 5. Na3 e6 6. O-O h6 7. c3 Na6 8. Nc2
Nf6 9. Ne5 Be7 10. Ne3 Be4 11. f3 Bh7 12. N3g4 O-O 13. Nxf6+ Bxf6 14. Ng4 Be7
15. e4 c5 16. Be3 Rc8 17. Qd2 cxd4 18. Bxd4 Nc5 19. Qxh6 e5 20. Bxe5 Ne6 21.
Qd2 dxe4 22. Qe2 Qb6+ 23. Kh1 exf3 24. Rxf3 Ng5 25. Bd4 Qc7 26. Re3 Bd6 27. Qf2
b6 28. Nf6+ Kh8 29. Nxh7 Nxh7 30. Qf5 Rce8 31. Be4 Rxe4 32. Rxe4 Rd8 33. Rh4
1-0

[Event "GBR-ch blitz"]
[Site "Birmingham"]
[Date "2019.11.16"]
[Round "10"]
[White "Rendle, Thomas"]
[Black "Arkell, Keith C"]
[Result "1/2-1/2"]
[WhiteElo "2461"]
[BlackElo "2464"]
[PlyCount "78"]
[EventDate "2019.11.16"]
[EventType "tourn (blitz)"]
[EventRounds "15"]
[EventCountry "ENG"]
[EventCategory "5"]
[SourceTitle "BritBase"]
[Source "John Saunders"]
[SourceDate "2024.03.28"]
[SourceVersion "1"]
[SourceVersionDate "2024.03.28"]
[SourceQuality "1"]

1. e4 c6 2. d4 d5 3. Nc3 dxe4 4. Nxe4 Nd7 5. Bc4 Ngf6 6. Nxf6+ Nxf6 7. c3 Qc7
8. Qf3 Bg4 9. Qg3 Qxg3 10. hxg3 e6 11. f3 Bf5 12. Ne2 Bd6 13. Bf4 Rd8 14. Kf2
Bg6 15. Bxd6 Rxd6 16. Nf4 O-O 17. Rae1 Rfd8 18. Re5 Kf8 19. Nxg6+ hxg6 20. Rh8+
Ke7 21. Rxd8 Rxd8 22. g4 Nd7 23. Re3 g5 24. g3 Nb6 25. Bb3 Nd5 26. Bxd5 cxd5
27. f4 gxf4 28. gxf4 Kf6 29. Rh3 b5 30. Ke3 a5 31. Kd3 Rc8 32. a3 a4 33. Rh1
Rg8 34. Ke3 g5 35. Rh7 gxf4+ 36. Kxf4 Kg6 37. Rh2 f6 38. Re2 Re8 39. Re1 Re7
1/2-1/2

[Event "GBR-ch blitz"]
[Site "Birmingham"]
[Date "2019.11.16"]
[Round "10"]
[White "Willow, Jonah B"]
[Black "Tan, Justin Hy"]
[Result "0-1"]
[WhiteElo "2187"]
[BlackElo "2469"]
[PlyCount "54"]
[EventDate "2019.11.16"]
[EventType "tourn (blitz)"]
[EventRounds "15"]
[EventCountry "ENG"]
[EventCategory "5"]
[SourceTitle "BritBase"]
[Source "John Saunders"]
[SourceDate "2024.03.28"]
[SourceVersion "1"]
[SourceVersionDate "2024.03.28"]
[SourceQuality "1"]

1. e4 e5 2. Nf3 Nc6 3. Nc3 Nf6 4. Bb5 Bd6 5. d3 O-O 6. a3 Nd4 7. Nxd4 exd4 8.
Ne2 c5 9. O-O Bc7 10. f4 d5 11. e5 Ng4 12. h3 Ne3 13. Bxe3 dxe3 14. d4 a6 15.
Bd3 c4 16. f5 cxd3 17. Qxd3 Qg5 18. Rf3 Bd7 19. a4 b5 20. f6 g6 21. Raf1 bxa4
22. Rg3 Qh6 23. c4 Rab8 24. Nf4 dxc4 25. Qe4 Kh8 26. Rxe3 Rxb2 27. d5 Bb6 0-1